Statistiken für Wie viele Sterne sind auf der Flagge

Klicken Sie hier um das Quiz zu spielen!

Allgemein

  • Dieses Quiz wurde 8 mal gespielt
  • Das Durchschnittsergebnis liegt bei 21 aus 25

Antwortstatistiken

LandAnzahl Sterne% Korrekt
Vereinigte Staaten50
100%
Kap Verde10
86%
Usbekistan12
86%
St. Kitts und Nevis2
86%
Syrien2
86%
Saõ Tomé und Principé2
86%
Panama2
86%
Burundi3
86%
Mikronesien4
86%
Komoren4
86%
Neuseeland4
86%
Papua-Neuguinea5
86%
Singapur5
86%
Turkmenistan5
86%
China5
86%
Australien6
86%
Tadschikistan7
86%
Venezuela8
86%
Samoa5
71%
Salomonen5
71%
Honduras5
71%
Kosovo6
71%
Grenada6
71%
Tuvalu9
71%
Bosnia und Herzegowina9
71%

Verteilung der Resultate

Perzentil nach korrekt beantworteten Fragen

Anzahl Personen mit jedem Resultat

Ihre Resultats-Entwicklung

Sie haben dieses Quiz noch nicht gespielt